Les études de marché
Uloženo v:
| Hlavní autor: | |
|---|---|
| Médium: | Kniha |
| Jazyk: | francouzština |
| Vydáno: |
París
Dunod
1970
|
| Edice: | La Vie de l'Entreprise
|
| Témata: | |
| Tagy: |
Přidat tag
Žádné tagy, Buďte první, kdo vytvoří štítek k tomuto záznamu!
|
MARC
| LEADER | 00000nam a2200000 a 4500 | ||
|---|---|---|---|
| 001 | UCQ1140 | ||
| 003 | CL-VaPUC | ||
| 008 | 980709e19700000FR |||||||||||||||||fre|d | ||
| 082 | 0 | 4 | |a 658.835 |b FOU |2 21 |
| 100 | 0 | |a Fournis, Y |e author |9 414746 | |
| 245 | 1 | 4 | |a Les études de marché |
| 300 | |a 115 p | ||
| 942 | |c BK | ||
| 945 | |d 19980709 00:00:00 |a cmena | ||
| 260 | |a París |b Dunod |c 1970 | ||
| 650 | 0 | |a Investigación de mercado |9 332310 | |
| 650 | 0 | |a Marketing |9 259324 | |
| 650 | 0 | |a Sistemas de información |9 260286 | |
| 650 | 0 | |a Consumidores |9 315658 | |
| 650 | 0 | |a Interpretación de datos |9 411621 | |
| 650 | 0 | |a Encuestas |9 259666 | |
| 650 | 0 | |a Opinión pública |9 255512 | |
| 650 | 7 | |a PROCESAMIENTO DE LA INFORMACION |2 CL-VaPUC |9 260052 | |
| 650 | 7 | |a UTILIZACION DE LA INFORMACION |2 CL-VaPUC |9 414747 | |
| 583 | |a last modification |c 19980709 00:00:00 |k Rodrigo Vera | ||
| 490 | 0 | |a La Vie de l'Entreprise | |
| 999 | |c 272144 |d 272142 | ||
| 952 | |0 0 |1 0 |4 0 |6 658_835000000000000_FOU_1970 |7 0 |8 A |9 307013 |a BIBGIM |b BIBGIM |d 2019-11-20 |i 1433571 |o 658.835 FOU 1970 |p 1433571 |r 2025-01-15 |w 2019-11-20 |y BK |k COM | ||